[Event "Naumburg Osteropen 9th"]
[Site "Naumburg Saale"]
[Date "2014.04.19"]
[Round "1.11"]
[White "Huenermund, Lars"]
[Black "Bross, Thomas"]
[Result "1-0"]
[WhiteElo "1718"]
[BlackElo "2001"]
[PlyCount "73"]
[EventDate "2014.04.19"]
[EventType "swiss"]
[EventRounds "5"]
[EventCountry "GER"]
[SourceTitle "EXT 2020"]
[Source "ChessBase"]
[SourceDate "2019.10.17"]
[SourceVersion "1"]
[SourceVersionDate "2019.10.17"]
[SourceQuality "1"]

1. e4 e5 2. Nf3 d5 3. Nxe5 Bd6 4. d4 dxe4 5. Nc3 Bxe5 6. dxe5 Qxd1+ 7. Kxd1 Bg4+ 8. Be2 Bxe2+ 9. Kxe2 Nc6 10. Bf4 Nd4+ 11. Kd2 0-0-0 12. Rad1 Nb5+ 13. Ke3 Nxc3 14. Rxd8+ Kxd8 15. bxc3 f5 16. exf6 Nxf6 17. Rd1+ Kc8 18. h3 c6 19. Be5 Re8 20. Bxf6 gxf6 21. g4 Re5 22. Rd6 Rc5 23. Kd2 Rd5+ 24. Rxd5 cxd5 25. Ke3 Kd7 26. c4 Kd6 27. Kd4 dxc4 28. Kxe4 b5 29. Kd4 h6 30. h4 Ke6 31. f4 f5 32. g5 hxg5 33. hxg5 Kd6 34. Kc3 a5 35. Kd4 a4 36. Kc3 Kd5 37. Kb4 1-0

[Event "Muehlhaeusen op"]
[Site "Muehlhausen"]
[Date "2007.05.19"]
[Round "5.21"]
[White "Huenermund, Lars"]
[Black "Steinacker, Alex"]
[Result "0-1"]
[WhiteElo "1403"]
[BlackElo "1685"]
[PlyCount "48"]
[EventDate "2007.05.16"]
[EventType "swiss"]
[EventRounds "7"]
[EventCountry "GER"]
[SourceTitle "CBM 118 Extra"]
[Source "ChessBase"]
[SourceDate "2007.07.04"]
[SourceVersion "1"]
[SourceVersionDate "2007.07.04"]
[SourceQuality "1"]

1. e4 c5 2. Nf3 Nc6 3. d4 cxd4 4. Nxd4 g6 5. Be3 Bg7 6. Nc3 Nf6 7. Bd3 d6 8. h3 Bd7 9. Nce2 Rc8 10. Qd2 Ne5 11. 0-0 0-0 12. Bh6 Nc4 13. Bxc4 Rxc4 14. Bxg7 Kxg7 15. b3 Rc5 16. Ng3 Qb6 17. c4 a5 18. Rfc1 Rfc8 19. a4 Bc6 20. Nb5 Re5 21. Qc3 Nxe4 22. Nxe4 Bxe4 23. Re1 f6 24. Kh2 Qxf2 0-1

[Event "Muehlhaeusen op"]
[Site "Muehlhausen"]
[Date "2007.05.17"]
[Round "3.21"]
[White "Huenermund, Lars"]
[Black "Behnke, Michael"]
[Result "0-1"]
[WhiteElo "1403"]
[BlackElo "1749"]
[PlyCount "108"]
[EventDate "2007.05.16"]
[EventType "swiss"]
[EventRounds "7"]
[EventCountry "GER"]
[SourceTitle "CBM 118 Extra"]
[Source "ChessBase"]
[SourceDate "2007.07.04"]
[SourceVersion "1"]
[SourceVersionDate "2007.07.04"]
[SourceQuality "1"]

1. e4 c6 2. d4 d5 3. exd5 cxd5 4. c4 Nf6 5. Nc3 e6 6. Bf4 Na6 7. c5 Qa5 8. Bd2 Qc7 9. Bxa6 bxa6 10. Qa4+ Nd7 11. Nge2 Be7 12. Bf4 Qd8 13. c6 Nb6 14. c7+ Qd7 15. Qxd7+ Bxd7 16. 0-0 Nc8 17. Rac1 Bd6 18. Bxd6 Nxd6 19. Rc2 Nb5 20. Nxb5 axb5 21. a4 b4 22. Nc1 Ke7 23. Nd3 a5 24. Nc5 Rhc8 25. Nb3 Kd6 26. Rc5 Rxc7 27. Nxa5 Rxc5 28. Nb7+ Ke7 29. Nxc5 Ra5 30. b3 e5 31. Nxd7 Kxd7 32. dxe5 Ke6 33. f4 Kf5 34. g3 Ke4 35. Kf2 Kd3 36. Re1 Rc5 37. Re3+ Kc2 38. Ke2 Rc3 39. Rxc3+ bxc3 40. a5 Kb2 41. a6 c2 42. a7 c1Q 43. a8Q Qc2+ 44. Ke1 d4 45. Qd5 Qc1+ 46. Ke2 Qe3+ 47. Kd1 Qg1+ 48. Kd2 Qxh2+ 49. Kd1 Qg1+ 50. Kd2 Qf2+ 51. Kd1 Qc2+ 52. Ke1 d3 53. Qd4+ Kb1 54. Qe3 Qc1+ 0-1

[Event "Muehlhaeusen op"]
[Site "Muehlhausen"]
[Date "2007.05.17"]
[Round "2.22"]
[White "Markus, Nico"]
[Black "Huenermund, Lars"]
[Result "0-1"]
[WhiteElo "1984"]
[BlackElo "1403"]
[PlyCount "88"]
[EventDate "2007.05.16"]
[EventType "swiss"]
[EventRounds "7"]
[EventCountry "GER"]
[SourceTitle "CBM 118 Extra"]
[Source "ChessBase"]
[SourceDate "2007.07.04"]
[SourceVersion "1"]
[SourceVersionDate "2007.07.04"]
[SourceQuality "1"]

1. e4 e5 2. Nf3 Nc6 3. d4 exd4 4. Nxd4 Bc5 5. Be3 Qf6 6. c3 Nge7 7. Be2 Nxd4 8. cxd4 Bb4+ 9. Nc3 0-0 10. 0-0 b6 11. e5 Qe6 12. Nb5 Nd5 13. a3 Be7 14. Rc1 c6 15. Nc3 Nxe3 16. fxe3 d5 17. e4 f6 18. exd5 cxd5 19. Nxd5 Bd8 20. Bc4 Kh8 21. Nxb6 Qxb6 22. exf6 Bxf6 23. Qd3 Qxd4+ 24. Qxd4 Bxd4+ 25. Kh1 Rxf1+ 26. Rxf1 Bf6 27. Bd5 Rb8 28. b4 Bb7 29. Bxb7 Rxb7 30. Re1 Re7 31. Rxe7 Bxe7 32. Kg1 Kg8 33. Kf2 Kf7 34. Ke3 Ke6 35. Kd4 Kd6 36. Kc4 a6 37. a4 Ke5 38. b5 axb5+ 39. axb5 Ke4 40. b6 Bd6 41. h3 Bb8 42. g4 g5 43. b7 h6 44. Kc5 Kf4 0-1